000 00289nam a22001337a 4500
008 170821b xxu||||| |||| 00| 0 eng d
020 _a0697007391
041 _aeng
080 _22ND
_a51
100 _a37
101 _aMAT
245 _aELEMENTARY ALGEBRA
_cWESNER,T.H
942 _2udc
_cBK
999 _c24304
_d24304